Formula 1 Podium 2020 - Statistics

General Stats
  • This quiz has been taken 252 times
  • The average score is 12 of 13
Answer Stats
Answer % Correct
Lewis Hamilton
100%
Max Verstappen
100%
Charles Leclerc
99%
Valtteri Bottas
98%
Sergio Perez
96%
Lando Norris
94%
Carlos Sainz
93%
Pierre Gasly
93%
Sebastian Vettel
92%
Daniel Ricciardo
90%
Esteban Ocon
90%
Lance Stroll
86%
Alexander Albon
78%
No matching quizzes found
Score Distribution
Percent of People with Each Score
Percentile by Number Answered
Your Score History
You have not taken this quiz